000 00777nam a2200253 4500
003 MX-MxINE
005 20260601171013.0
008 260504t2002\\\\xxn|||||\||||\00|\0\eng\d
020 _a0814471463
040 _aMX-MxINE
_bspa
_cMX-MxINE
_erda
041 _aeng
050 _aHD45
_bD85
100 _aDundon, Elaine,
_d1959-
_eautor
_933431
245 1 _aThe seeds of innovation :
_bcultivating the synergy that fosters new ideas /
_cElaine Dundon
264 _aNew York :
_bAMACOM,
_c2002
300 _axi, 241 páginas
336 _2rdacontent
_atexto
337 _2rdamedia
_asin medio
338 _2rdacarrier
_avolumen
650 1 _aInnovaciones tecnológicas
_xAdministración
650 1 _aProductos nuevos
650 1 _aPensamiento creativo
942 _2lcc
_n1
_cB
999 _c20581
_d20581